Black Magic (Lyrics)- Little Mix - Statistics

General Stats
  • This quiz has been taken 42 times
  • The average score is 354 of 431
Answer Stats
Answer % Correct
a
100%
I
100%
it
97%
love
97%
the
97%
you
97%
be
94%
on
94%
potion
94%
secret
94%
and
91%
And
91%
black
91%
boy
91%
Boy
91%
called
91%
fall
91%
got
91%
he
91%
in
91%
it's
91%
It's
91%
magic
91%
Magic
91%
make
91%
my
91%
sip
91%
me
88%
that
88%
to
88%
your
88%
belong
84%
broken
84%
can't
84%
get
84%
Get
84%
recipe
84%
say
84%
spell
84%
Take
84%
Ans
81%
answer
81%
drop
81%
one
81%
time
81%
All
78%
all
78%
come
78%
enough
78%
I'll
78%
is
78%
Is
78%
of
78%
so
78%
after
75%
at
75%
At
75%
girls
75%
Here's
75%
mine
75%
night
75%
repeat
75%
should
75%
ain't
72%
For
72%
for
72%
keep
72%
lover
72%
still
72%
you'll
72%
but
69%
door
69%
him
69%
what
69%
What
69%
boys
66%
down
66%
his
66%
it'll
66%
just
66%
know
66%
loves
66%
playing
66%
taste
66%
up
66%
While
66%
from
63%
knees
63%
knocking
63%
missing
63%
more
63%
Said
63%
see
63%
side?
63%
Wanna
63%
want
63%
you're
63%
block
59%
Crystal
59%
been
56%
Full
56%
he's
56%
honey
56%
price
56%
ya
56%
you've
56%
balling
53%
sweet
53%
change
50%
Falling
50%
falling
50%
knocked
50%
over
50%
Right
50%
help
47%
lookin'
47%
Mister
47%
Need
44%
If
41%
mone
3%
No matching quizzes found
Score Distribution
Percent of People with Each Score
Percentile by Number Answered
Your Score History
You have not taken this quiz